| 000 | 00787cab a2200301 4500 | ||
|---|---|---|---|
| 001 | ABS57725 | ||
| 008 | 090401t1997 xxu||||| |||| 00| 0 eng d | ||
| 035 | _a(Sirsi) u81841 | ||
| 041 | _aeng | ||
| 110 |
_aEstates Gazette _9298 |
||
| 245 | _aFocus `97: M25 Junctions 16-24 | ||
| 260 | _c1997 | ||
| 350 | _a0 | ||
| 490 |
_aEstates Gazette _v(9742) 18 October 1997, 101-135(15) |
||
| 650 | _aHATFIELD | ||
| 650 | _aHEMEL HEMPSTEAD | ||
| 650 | _aLEISURE INDUSTRY | ||
| 650 | _aM25 CORRIDOR | ||
| 650 | _aMOTORWAY SERVICE AREAS | ||
| 650 | _aRICKMANSWORTH | ||
| 650 | _aST ALBANS | ||
| 650 | _aUXBRIDGE | ||
| 650 | _aWATFORD | ||
| 650 | _aWELWYN GARDEN CITY | ||
| 690 | _aPROPERTY-COMMERCIAL PROPERTY-COMMERCIAL PROPERTY MARKET | ||
| 942 | _n0 | ||
| 948 | _c31/10/1997 | ||
| 999 |
_c51607 _d51607 |
||